Dicionário prático- português russo (Registo nº 594)

Detalhes MARC
000 -Etiqueta do registo
Cabeçalho 00901cam a2200325 4500
005 - Identificador da versão
Campo de controlo 20240813121807.0
010 ## - Número internacional normalizado dos livros (ISBN)
Número (ISBN) 9727063373
021 ## - Número do Depósito Legal
Código do país PT
Número 158180/00
035 ## - Other System Control Numbers
System Control Number 0000619
System Control Number 0000615
System Control Number 0000615
System Control Number 0000605
100 ## - Dados gerais de processamento
Dados gerais de processamento 20010615e20001989me y0pory5003 ba
102 ## - Pais de publicação ou produção
País de publicação Portugal
101 0# - Língua de publicação
Língua do texto, banda sonora, etc. Português
-- Russo
106 ## - Campo de dados codificados: material textual
Dados codificados do material textual r
105 ## - Campo de dados codificados: livros
Dados codificados dos livros yh e 000yy
215 ## - Descrição física 
Indicação específica da natureza do documento e extensão da espécie 471 p. a 2 colns.
Outras indicações físicas il.
Dimensões 21 cm
200 1# - Titulo e menção de responsabilidade
Título próprio Dicionário prático- português russo
Informação de outro título 7000 palavras
Primeira menção de responsabilidade S. Starets
Outras menções de responsabilidade N. Voinova
205 ## - Menção da edição
Menção da edição 1ª ed. facsimilada
210 ## - Publicação, Distribuição, etc. 
Lugar da edição, distribuição, etc. Lisboa
Nome do editor, distribuidor, etc. Ulmeiro
Data da publicação, distribuição, etc. 2000
305 ## - Notas relativas à edição e história bibliográfica da publicação 
Texto da nota Edição bilingue em português e russo
324 ## - Nota de versão original
Texto da nota Ed. fac-simil. de Moscovo : Russki Yazik, 1989
675 ## - Classificação Decimal Universal (CDU)
Notação 811.134.3(038)=161.1
Edição BN
Língua da edição por
701 #1 - Nome de autor-pessoa física (co-responsabilidade principal)
Palavra de ordem Voinova
Outra parte do nome não tomada para palavra de ordem N.
Código de função Autor / Co-autor
700 #1 - Nome de autor-pessoa física (responsabilidade principal)
Número de registo de entrada de autoridade 0000717
Palavra de ordem Starets
Outra parte do nome não tomada para palavra de ordem S.
942 ## - Elementos de entrada adicionados (Koha)
Tipo de item no Koha Livro
Exemplares
Situação do levantamento Origin of item (home branch) (coded) Biblioteca de empréstimo Código de barras Cota Circulation type (not for loan) Tipo de documento Nota do exemplar Damaged status
  Biblioteca Escolar Eng. Nuno Mergulhão Biblioteca Escolar Eng. Nuno Mergulhão BENM1144 811 DIC   Cativo Sem mensagem